Diarrhoeal diseases pathophysiology case management and control
Saved in:
| Institution som forfatter: | |
|---|---|
| Format: | Bog |
| Sprog: | English |
| Udgivet: |
Kathmandu,
Ministry of Health and Population (MoHP) ;
c2041 B.S..
|
| Fag: | |
| Online adgang: | Visit NHRC Office |
| Tags: |
Tilføj Tag
Ingen Tags, Vær først til at tagge denne postø!
|
| LEADER | 00925nam a22002297a 4500 | ||
|---|---|---|---|
| 003 | OSt | ||
| 005 | 20220906184646.0 | ||
| 008 | 131029b xxu||||| |||| 00| 0 eng d | ||
| 060 | |a RES-00740 | ||
| 110 | |a Ministry of Health and Population |9 3128 | ||
| 245 | |a Diarrhoeal diseases pathophysiology case management and control | ||
| 260 | |a Kathmandu, |b Ministry of Health and Population (MoHP) ; |c c2041 B.S.. | ||
| 300 | |a 142p. : | ||
| 500 | |a Research Report | ||
| 650 | |a Diarrhoeal diseases |9 3119 | ||
| 650 | |a Diarrhoeal diseases - pathophysiology |9 3120 | ||
| 650 | |a Diarrhoeal diseases - case management |9 3121 | ||
| 650 | |a Diarrhoeal diseases - control |9 3136 | ||
| 856 | |u http://nhrc.org.np/contact |y Visit NHRC Office | ||
| 942 | |2 NLM |c RR | ||
| 952 | |0 0 |1 0 |2 NLM |4 0 |6 RES__00740_000000000000000_MOHP_2041BS |7 0 |9 2260 |a NHRC |b NHRC |d 2015-08-05 |l 0 |o RES - 00740/MOHP/2041BS. |p RES - 00740 |r 2015-08-05 |w 2015-08-05 |y RR | ||
| 999 | |c 2181 |d 2181 | ||